000 00293nam a2200121Ia 4500
008 190216s9999||||xx |||||||||||||| ||und||
100 _aRamamoorthy M
245 0 _aElectricity And Magnetism
260 _bS Chand & Co
300 _a514p
650 _aElectricity & Magnetism
942 _cBK
999 _c32789
_d32789